| 000 | 00846pam a2200265 a 4500 | ||
|---|---|---|---|
| 001 | 014199429 | ||
| 003 | Uk | ||
| 005 | 20150408114000.0 | ||
| 008 | 111215s2009 enk b 000 e eng d | ||
| 015 |
_aGBA785832 _2bnb |
||
| 020 | _a9780199556069 | ||
| 040 |
_aStDuBDS _beng _cStDuBDS _dUk |
||
| 042 | _aukblsr | ||
| 082 | 0 | 4 |
_a824.912 W V S _222 |
| 100 | 1 |
_aWoolf, Virginia, _d1882-1941. _98429 |
|
| 245 | 1 | 0 |
_aSelected essays / _cVirginia Woolf ; edited with an introduction and notes by David Bradshaw. |
| 260 |
_aOxford : _bOxford University Press, _c2009. |
||
| 300 |
_axxxix, 244 p. ; _c20 cm. |
||
| 490 | 0 | _aOxford world's classics | |
| 500 |
_aFormerly CIP. _5Uk |
||
| 504 | _aIncludes bibliographical references. | ||
| 700 | 1 |
_aBradshaw, David, _d1955- _98531 |
|
| 942 |
_2ddc _cDVD |
||
| 999 |
_c20031 _d254531 |
||